LEADER 00900nam a2200229 i 4500 001 000000035927 003 CaOOAMICUS 005 20150129000000.0 008 150129n it u000 u ita u 013 $a4854 040 $aSeMil$bita 100 1 $aSpezzibottiani, Mario,$c.$0(OLS)http://semarc/name/16835 245 10$aIn politica per servire :$bmeditazioni /$cdon Mario Spezzibottiani. 260 $a[S.l.] :$bIn Dialogo,$c199?] 300 $a61 p. ;$c21 cm. 650 4$aPolitica.$0(OLS)http://semarc/subject/3044 650 4$aMeditazioni.$0(OLS)http://semarc/subject/1352 850 $aSeMil 852 $aSeMil$W1$xVenegono$y1$m3N I 409$j2082$B2082$CSeMilBibl$Z2$F2082 $81 961 $aOmaggio: Autore 996 $6245$aIn politica per servire :$bmeditazioni$9(OLS)http://semarc/title/49438 996 $6260$a[S.l.] :$bIn Dialogo$9(OLS)http://semarc/publisher/39784 LEADER 01133nam a2200265 i 4500 001 000000047817 003 CaOOAMICUS 005 20100227000000.0 008 100227s1983 it u000 u ita u 013 $a18987 040 $aSeMil$bita 100 1 $aVillata, Giovanni,$d<1940- >.$0(OLS)http://semarc/name/23753 245 10$aGiovani, religione e vita quotidiana :$bda un approccio sociologico ad un progetto pastorale /$cGiovanni Villata. 260 $aRoma :$bPiemme,$c1983. 300 $a263 p. ;$c24 cm. 490 0 $aPastorale: storia e progetti 500 $aFondo Conti. 650 4$aChiesa - Italia.$0(OLS)http://semarc/subject/5888 650 4$aGiovani.$0(OLS)http://semarc/subject/6300 830 0$aPastorale: storia e progetti.$0(OLS)http://semarc/title/28399 850 $aSeMil 852 $aSeMil$W1$xVenegono$y1$m3E V 298$j13972$B13972$CSeMilBibl$Z2$F13972 $81 961 $aOmaggio: Conti Franco 996 $6245$aGiovani, religione e vita quotidiana :$bda un approccio sociologico ad un progetto pastorale$9(OLS)http://semarc/title/72191 996 $6260$aRoma :$bPiemme$9(OLS)http://semarc/publisher/32717